The Future of Saving : The Role of Pension System Design in an Aging World /

This SDN explores how demographic changes have affected and will affect public and private sector savings, highlighting the interaction between pension systems, labor markets, and demographic variables.

Bibliographic Details
Main Author: Amaglobeli, David
Other Authors: Chai, Hua, Dabla-Norris, Era, Dybczak, Kamil
Format: Journal
Language:English
Published: Washington, D.C. : International Monetary Fund, 2019.
Series:Staff Discussion Notes; Staff Discussion Notes ; No. 2019/001
Online Access:Full text available on IMF
LEADER 01415cas a2200277 a 4500
001 AALejournalIMF017849
008 230101c9999 xx r poo 0 0eng d
020 |c 5.00 USD 
020 |z 9781484388990 
022 |a 2617-6750 
040 |a BD-DhAAL  |c BD-DhAAL 
100 1 |a Amaglobeli, David. 
245 1 4 |a The Future of Saving :   |b The Role of Pension System Design in an Aging World /  |c David Amaglobeli, Hua Chai, Era Dabla-Norris, Kamil Dybczak. 
264 1 |a Washington, D.C. :  |b International Monetary Fund,  |c 2019. 
300 |a 1 online resource (47 pages) 
490 1 |a Staff Discussion Notes 
500 |a <strong>Off-Campus Access:</strong> No User ID or Password Required 
500 |a <strong>On-Campus Access:</strong> No User ID or Password Required 
506 |a Electronic access restricted to authorized BRAC University faculty, staff and students 
520 3 |a This SDN explores how demographic changes have affected and will affect public and private sector savings, highlighting the interaction between pension systems, labor markets, and demographic variables. 
538 |a Mode of access: Internet 
700 1 |a Chai, Hua. 
700 1 |a Dabla-Norris, Era. 
700 1 |a Dybczak, Kamil. 
830 0 |a Staff Discussion Notes; Staff Discussion Notes ;  |v No. 2019/001 
856 4 0 |z Full text available on IMF  |u http://elibrary.imf.org/view/journals/006/2019/001/006.2019.issue-001-en.xml  |z IMF e-Library